[Event "Romanian-ch Open 2022"]
[Site "Eforie Nord"]
[Date "2022.02.26"]
[Round "8.13"]
[White "Vajda, Albert"]
[Black "Popescu, Daniel-Vasilica"]
[Result "1-0"]
[WhiteElo "2351"]
[BlackElo "2064"]
[Annotator "ChessBase"]
[PlyCount "72"]
[EventDate "2022.02.20"]
[EventType "swiss"]
[EventCountry "ROU"]
[SourceTitle "playchess.com"]
[Source "ChessBase"]
[SourceQuality "1"]
[TimeControl "40/5400+30:900+30"]

1. e4 {[%emt 0:00:02]} c6 {[%emt 0:00:22]} 2. d4 {[%emt 0:00:22]} d5 {[%emt 0:00:08]} 3. e5 {[%emt 0:00:06]} c5 {[%emt 0:00:37]} 4. dxc5 {[%emt 0:00:12]} e6 {[%emt 0:00:08]} 5. a3 {[%emt 0:00:43]} Bxc5 {[%emt 0:01:00]} 6. b4 {[%emt 0:00:33]} Be7 {[%emt 0:01:14]} 7. Nf3 {[%emt 0:00:52]} Nd7 {[%emt 0:00:58]} 8. Bd3 {[%emt 0:07:59]} g5 {[%emt 0:19:33]} 9. Bb2 {[%emt 0:04:29]} h5 {[%emt 0:17:45]} 10. O-O {[%emt 0:02:30]} a6 {[%emt 0:06:14]} 11. Nbd2 {[%emt 0:06:20]} b5 {[%emt 0:07:45]} 12. a4 {[%emt 0:00:51]} bxa4 {[%emt 0:13:37]} 13. c4 {[%emt 0:10:26]} Bb7 {[%emt 0:00:05]} 14. Qxa4 {[%emt 0:03:07]} Kf8 {[%emt 0:01:21]} 15. c5 {[%emt 0:07:57]} Qc7 {[%emt 0:03:21]} 16. Nb3 {[%emt 0:04:19]} g4 {[%emt 0:03:51]} 17. Nfd4 {[%emt 0:00:58]} Nxe5 {[%emt 0:15:15]} 18. c6 {[%emt 0:00:56]} Bc8 {[%emt 0:04:40]} 19. Nb5 {[%emt 0:01:21]} axb5 {[%emt 0:00:41]} 20. Qxa8 {[%emt 0:00:36]} Bd6 {[%emt 0:01:07]} 21. Ra7 {[%emt 0:03:37]} Qd8 {[%emt 0:00:13]} 22. Bxe5 {[%emt 0:02:05]} Bxe5 {[%emt 0:00:02]} 23. c7 {[%emt 0:00:15]} Bxh2+ {[%emt 0:01:17]} 24. Kxh2 {[%emt 0:01:28]} Qh4+ {[%emt 0:00:41]} 25. Kg1 {[%emt 0:00:04]} Ne7 {[%emt 0:00:04]} 26. Nd4 {[%emt 0:04:32]} g3 {[%emt 0:00:20]} 27. Nf3 {[%emt 0:00:24]} Qf4 {[%emt 0:00:25]} 28. Ra3 {[%emt 0:05:17]} h4 {[%emt 0:00:25]} 29. Qa7 {[%emt 0:01:33]} h3 {[%emt 0:00:58]} 30. Qd4 {[%emt 0:00:42]} gxf2+ {[%emt 0:00:46]} 31. Kxf2 {[%emt 0:01:09]} Qh6 {[%emt 0:00:22]} 32. Rh1 {[%emt 0:00:44]} Rg8 {[%emt 0:00:06]} 33. Rxh3 {[%emt 0:01:13]} Qc1 {[%emt 0:00:16]} 34. Rc3 {[%emt 0:00:39]} Qd1 {[%emt 0:01:04]} 35. Rh8 {[%emt 0:01:12]} Qa1 {[%emt 0:00:44]} 36. Rxg8+ {[%emt 0:00:16]} Nxg8 {[%emt 0:00:22]} 1-0

[Event "Romanian-ch Open 2022"]
[Site "Eforie Nord"]
[Date "2022.02.26"]
[Round "8.14"]
[White "Filip, Andrei"]
[Black "Antonica, Dragos-Andrei"]
[Result "0-1"]
[WhiteElo "2216"]
[BlackElo "2350"]
[Annotator "ChessBase"]
[PlyCount "100"]
[EventDate "2022.02.20"]
[EventType "swiss"]
[EventCountry "ROU"]
[SourceTitle "playchess.com"]
[Source "ChessBase"]
[SourceQuality "1"]
[TimeControl "40/5400+30:900+30"]

1. e4 {[%emt 0:00:02]} c5 {[%emt 0:00:25]} 2. Nf3 {[%emt 0:00:14]} d6 {[%emt 0:00:05]} 3. Bb5+ {[%emt 0:00:10]} Bd7 {[%emt 0:00:07]} 4. Bxd7+ {[%emt 0:00:07]} Qxd7 {[%emt 0:00:05]} 5. c4 {[%emt 0:00:06]} Nf6 {[%emt 0:00:13]} 6. Nc3 {[%emt 0:00:06]} Nc6 {[%emt 0:00:19]} 7. d4 {[%emt 0:00:47]} cxd4 {[%emt 0:00:23]} 8. Nxd4 {[%emt 0:00:07]} g6 {[%emt 0:00:11]} 9. f3 {[%emt 0:00:21]} Bg7 {[%emt 0:00:05]} 10. Be3 {[%emt 0:00:08]} O-O {[%emt 0:00:13]} 11. O-O {[%emt 0:00:06]} a6 {[%emt 0:00:47]} 12. a4 {[%emt 0:02:44]} e6 {[%emt 0:04:55]} 13. Qd2 {[%emt 0:02:08]} Na5 {[%emt 0:09:46]} 14. Qd3 {[%emt 0:10:46]} Rfc8 {[%emt 0:14:07]} 15. b3 {[%emt 0:06:43]} e5 {[%emt 0:09:16]} 16. Nde2 {[%emt 0:00:23]} Nxb3 {[%emt 0:00:15]} 17. Rad1 {[%emt 0:00:16]} Qc6 {[%emt 0:17:29]} 18. Qxd6 {[%emt 0:08:04]} Qxd6 {[%emt 0:05:45]} 19. Rxd6 {[%emt 0:00:14]} Na5 {[%emt 0:00:06]} 20. Bg5 {[%emt 0:09:51]} Ne8 {[%emt 0:08:22]} 21. Rd7 {[%emt 0:01:01]} Rxc4 {[%emt 0:07:38]} 22. Rfd1 {[%emt 0:08:28]} Bf8 {[%emt 0:02:43]} 23. Kf1 {[%emt 0:06:20]} Rb8 {[%emt 0:02:45]} 24. Rb1 {[%emt 0:08:22]} Rc7 {[%emt 0:04:05]} 25. Rd8 {[%emt 0:01:48]} Rcc8 {[%emt 0:00:00]} 26. Rd7 {[%emt 0:02:25]} Nc7 {[%emt 0:04:52]} 27. Rb6 {[%emt 0:12:46]} Ne6 {[%emt 0:01:28]} 28. Bf6 {[%emt 0:00:35]} Nc5 {[%emt 0:00:46]} 29. Rd5 {[%emt 0:04:15]} Nc4 {[%emt 0:00:31]} 30. Rb1 {[%emt 0:00:21]} Ne3+ {[%emt 0:00:42]} 31. Ke1 {[%emt 0:00:37]} Nxd5 {[%emt 0:00:35]} 32. exd5 {[%emt 0:00:40]} b5 {[%emt 0:01:35]} 33. axb5 {[%emt 0:00:22]} axb5 {[%emt 0:00:11]} 34. Rxb5 {[%emt 0:00:20]} Rxb5 {[%emt 0:00:57]} 35. Nxb5 {[%emt 0:00:05]} Nd7 {[%emt 0:00:45]} 36. Bh4 {[%emt 0:00:19]} Bb4+ {[%emt 0:00:39]} 37. Kf2 {[%emt 0:00:24]} Rc5 {[%emt 0:00:22]} 38. Nd6 {[%emt 0:00:55]} Rxd5 {[%emt 0:00:20]} 39. Nc4 {[%emt 0:01:08]} f5 {[%emt 0:00:27]} 40. Bg5 {[%emt 0:00:00]} Kf7 {[%emt 0:00:00]} 41. Be3 {[%emt 0:00:29]} Ke6 {[%emt 0:00:47]} 42. f4 {[%emt 0:01:16]} e4 {[%emt 0:00:53]} 43. Nd4+ {[%emt 0:00:05]} Kf6 {[%emt 0:01:37]} 44. Nb3 {[%emt 0:00:21]} Bc5 {[%emt 0:02:30]} 45. Nxc5 {[%emt 0:00:28]} Nxc5 {[%emt 0:00:03]} 46. Nb6 {[%emt 0:00:19]} Nd3+ {[%emt 0:00:09]} 47. Ke2 {[%emt 0:00:05]} Rb5 {[%emt 0:00:14]} 48. Bd4+ {[%emt 0:00:19]} Ke6 {[%emt 0:00:10]} 49. g3 {[%emt 0:00:48]} Ra5 {[%emt 0:00:51]} 50. Nc4 {[%emt 0:00:12]} Ra4 {[%emt 0:00:09]} 0-1

[Event "Romanian-ch Open 2022"]
[Site "Eforie Nord"]
[Date "2022.02.26"]
[Round "8.15"]
[White "Nastore, Pavel-Alexandru"]
[Black "Coca, Cristi-Iulian"]
[Result "1-0"]
[WhiteElo "2306"]
[BlackElo "2147"]
[Annotator "NA"]
[PlyCount "76"]
[EventDate "2022.02.20"]
[EventType "swiss"]
[EventCountry "ROU"]
[SourceTitle "playchess.com"]
[Source "ChessBase"]
[SourceQuality "1"]
[TimeControl "40/5400+30:900+30"]

1. e4 {[%emt 0:00:04]} d6 {[%emt 0:00:04]} 2. d4 {[%emt 0:00:06]} Nf6 {[%emt 0:00:03]} 3. Nc3 {[%emt 0:00:05]} Nbd7 {[%emt 0:00:03]} 4. Nf3 {[%emt 0:05:22]} e5 {[%emt 0:02:15]} 5. Be2 {[%emt 0:02:48]} Be7 {[%emt 0:01:07]} 6. O-O {[%emt 0:00:20]} O-O {[%emt 0:00:05]} 7. Re1 {[%emt 0:00:27]} c6 {[%emt 0:00:51]} 8. a4 {[%emt 0:00:35]} Re8 {[%emt 0:00:37]} 9. Bf1 {[%emt 0:01:12]} Bf8 {[%emt 0:00:20]} 10. g3 {[%emt 0:18:07]} Qc7 {[%emt 0:03:48]} 11. Bg2 {[%emt 0:03:28]} a5 {[%emt 0:02:46]} 12. h3 {[%emt 0:00:49]} h6 {[%emt 0:07:40]} 13. Be3 {[%emt 0:11:13]} Nb6 {[%emt 0:16:25]} 14. Nd2 {[%emt 0:01:58]} Nh7 {[%emt 0:07:45]} 15. f4 {[%emt 0:10:17]} exf4 {[%emt 0:07:47]} 16. gxf4 {[%emt 0:07:03]} d5 {[%emt 0:10:10]} 17. e5 {[%emt 0:03:57]} Bf5 {[%emt 0:11:00]} 18. Ne2 {[%emt 0:06:15]} Qd7 {[%emt 0:00:59]} 19. Kh2 {[%emt 0:00:34]} Rac8 {[%emt 0:00:31]} 20. Ng3 {[%emt 0:02:56]} c5 {[%emt 0:01:13]} 21. Nxf5 {[%emt 0:05:33]} Qxf5 {[%emt 0:02:00]} 22. Nb3 {[%emt 0:06:35]} cxd4 {[%emt 0:15:30]} 23. Qxd4 {[%emt 0:04:59]} Nc4 {[%emt 0:02:21]} 24. Re2 {[%emt 0:06:33]} Nxe3 {[%emt 0:01:53]} 25. Qxe3 {[%emt 0:00:00]} Rxc2 {[%emt 0:00:44]} 26. Rae1 {[%emt 0:01:40]} Rxe2 {[%emt 0:01:07]} 27. Rxe2 {[%emt 0:00:01]} Nf6 {[%emt 0:03:24]} 28. Nxa5 {[%emt 0:00:28]} Nh5 {[%emt 0:00:42]} 29. Rf2 {[%emt 0:00:51]} Ra8 {[%emt 0:01:08]} 30. Nxb7 {[%emt 0:00:31]} Rxa4 {[%emt 0:00:32]} 31. Bxd5 {[%emt 0:00:39]} Rxf4 {[%emt 0:00:24]} 32. Rxf4 {[%emt 0:00:26]} Nxf4 {[%emt 0:00:04]} 33. Bb3 {[%emt 0:00:19]} Ne6 {[%emt 0:01:07]} 34. Nd6 {[%emt 0:00:48]} Qb1 {[%emt 0:00:18]} 35. Qe2 {[%emt 0:00:27]} Qc1 {[%emt 0:00:36]} 36. Qf2 {[%emt 0:00:27]} Bxd6 {[%emt 0:01:11]} 37. exd6 {[%emt 0:01:07]} Qf4+ {[%emt 0:00:30]} 38. Qxf4 {[%emt 0:00:30]} Nxf4 {[%emt 0:00:30]} 1-0

[Event "Romanian-ch Open 2022"]
[Site "Eforie Nord"]
[Date "2022.02.26"]
[Round "8.16"]
[White "Radu, David Cr."]
[Black "Doncea, Vladimir"]
[Result "1-0"]
[WhiteElo "1960"]
[BlackElo "2367"]
[Annotator "ChessBase"]
[PlyCount "51"]
[EventDate "2022.02.20"]
[EventType "swiss"]
[EventCountry "ROU"]
[SourceTitle "playchess.com"]
[Source "ChessBase"]
[SourceQuality "1"]
[TimeControl "40/5400+30:900+30"]

1. e4 {[%emt 0:00:11]} c5 {[%emt 0:00:10]} 2. c3 {[%emt 0:01:28]} d6 {[%emt 0:00:19]} 3. d4 {[%emt 0:01:52]} Nf6 {[%emt 0:00:09]} 4. Bd3 {[%emt 0:02:37]} Qc7 {[%emt 0:00:26]} 5. Nf3 {[%emt 0:01:23]} g6 {[%emt 0:00:16]} 6. O-O {[%emt 0:04:59]} Bg7 {[%emt 0:00:07]} 7. h3 {[%emt 0:02:14]} O-O {[%emt 0:00:09]} 8. a4 {[%emt 0:04:45]} Nc6 {[%emt 0:02:04]} 9. Na3 {[%emt 0:08:25]} a6 {[%emt 0:08:43]} 10. Re1 {[%emt 0:05:41]} e5 {[%emt 0:07:13]} 11. Bg5 {[%emt 0:15:17]} exd4 {[%emt 0:04:52]} 12. cxd4 {[%emt 0:00:24]} Nxd4 {[%emt 0:00:28]} 13. Nxd4 {[%emt 0:00:32]} cxd4 {[%emt 0:00:06]} 14. Rc1 {[%emt 0:00:08]} Qa5 {[%emt 0:01:36]} 15. Bf4 {[%emt 0:05:45]} d5 {[%emt 0:01:55]} 16. Bd6 {[%emt 0:06:23]} Re8 {[%emt 0:00:29]} 17. e5 {[%emt 0:03:55]} Ne4 {[%emt 0:14:38]} 18. Bxe4 {[%emt 0:06:16]} dxe4 {[%emt 0:03:20]} 19. Nc4 {[%emt 0:00:46]} Qd8 {[%emt 0:00:35]} 20. Qxd4 {[%emt 0:00:22]} b5 {[%emt 0:03:38]} 21. Nb6 {[%emt 0:03:54]} Rb8 {[%emt 0:00:09]} 22. Nd5 {[%emt 0:03:00]} Rb7 {[%emt 0:01:31]} 23. Qxe4 {[%emt 0:05:47]} Qg5 {[%emt 0:03:33]} 24. Rxc8 {[%emt 0:03:00]} Rxc8 {[%emt 0:00:14]} 25. Nf6+ {[%emt 0:00:04]} Bxf6 {[%emt 0:00:20]} 26. exf6 {[%emt 0:14:22]} 1-0

[Event "Romanian-ch Open 2022"]
[Site "Eforie Nord"]
[Date "2022.02.26"]
[Round "8.17"]
[White "Dobre, Claudiu-Cristian"]
[Black "Daianu, Cristian-Clement"]
[Result "1/2-1/2"]
[WhiteElo "2298"]
[BlackElo "2171"]
[Annotator "NA"]
[PlyCount "103"]
[EventDate "2022.02.20"]
[EventType "swiss"]
[EventCountry "ROU"]
[SourceTitle "playchess.com"]
[Source "ChessBase"]
[SourceQuality "1"]
[TimeControl "40/5400+30:900+30"]

1. Nf3 {[%emt 0:00:04]} d6 {[%emt 0:02:39]} 2. c4 {[%emt 0:00:08]} f5 {[%emt 0:00:09]} 3. Nc3 {[%emt 0:00:11]} Nf6 {[%emt 0:00:11]} 4. g3 {[%emt 0:02:26]} e5 {[%emt 0:15:35]} 5. d3 {[%emt 0:00:09]} Be7 {[%emt 0:00:35]} 6. Bg2 {[%emt 0:11:35]} O-O {[%emt 0:04:38]} 7. b4 {[%emt 0:00:53]} c6 {[%emt 0:04:00]} 8. Qb3 {[%emt 0:01:05]} Kh8 {[%emt 0:00:47]} 9. d4 {[%emt 0:26:46]} e4 {[%emt 0:21:26]} 10. Ng1 {[%emt 0:24:13]} Be6 {[%emt 0:12:19]} 11. d5 {[%emt 0:01:22]} Bg8 {[%emt 0:03:34]} 12. Nh3 {[%emt 0:00:45]} b5 {[%emt 0:02:12]} 13. cxb5 {[%emt 0:03:50]} Nxd5 {[%emt 0:00:40]} 14. Nxd5 {[%emt 0:00:39]} Bxd5 {[%emt 0:01:06]} 15. Qc2 {[%emt 0:11:49]} cxb5 {[%emt 0:04:25]} 16. Nf4 {[%emt 0:00:18]} Bc4 {[%emt 0:01:04]} 17. Bb2 {[%emt 0:01:05]} Bf6 {[%emt 0:03:24]} 18. O-O {[%emt 0:00:21]} Nc6 {[%emt 0:00:50]} 19. Bxf6 {[%emt 0:10:10]} Qxf6 {[%emt 0:00:38]} 20. Qd2 {[%emt 0:00:43]} d5 {[%emt 0:02:58]} 21. f3 {[%emt 0:00:32]} Rad8 {[%emt 0:07:42]} 22. h4 {[%emt 0:01:07]} Qd4+ {[%emt 0:01:23]} 23. Qxd4 {[%emt 0:00:06]} Nxd4 {[%emt 0:00:06]} 24. Kf2 {[%emt 0:01:05]} e3+ {[%emt 0:02:49]} 25. Kxe3 {[%emt 0:00:22]} Nc2+ {[%emt 0:00:04]} 26. Kd2 {[%emt 0:00:12]} Nxa1 {[%emt 0:00:06]} 27. Rxa1 {[%emt 0:00:26]} Rfe8 {[%emt 0:00:52]} 28. h5 {[%emt 0:01:07]} d4 {[%emt 0:00:26]} 29. Bh3 {[%emt 0:00:29]} Re5 {[%emt 0:01:07]} 30. a4 {[%emt 0:00:49]} a6 {[%emt 0:04:50]} 31. axb5 {[%emt 0:00:05]} Bxb5 {[%emt 0:00:13]} 32. Rc1 {[%emt 0:00:11]} Rde8 {[%emt 0:00:29]} 33. Bf1 {[%emt 0:00:54]} Re3 {[%emt 0:00:20]} 34. Rc7 {[%emt 0:00:48]} R3e7 {[%emt 0:02:10]} 35. Rc5 {[%emt 0:00:23]} Re5 {[%emt 0:00:12]} 36. Rc7 {[%emt 0:00:31]} Kg8 {[%emt 0:00:06]} 37. h6 {[%emt 0:00:23]} R5e7 {[%emt 0:00:40]} 38. Rc5 {[%emt 0:00:33]} Re5 {[%emt 0:01:11]} 39. Rc7 {[%emt 0:00:17]} R8e7 {[%emt 0:00:15]} 40. Rc8+ {[%emt 0:00:00]} Re8 {[%emt 0:00:00]} 41. Rc7 {[%emt 0:00:53]} g6 {[%emt 0:01:31]} 42. Rb7 {[%emt 0:06:33]} R8e7 {[%emt 0:06:43]} 43. Rb8+ {[%emt 0:01:59]} Kf7 {[%emt 0:00:10]} 44. Rb6 {[%emt 0:03:33]} Ke8 {[%emt 0:04:10]} 45. Nxg6 {[%emt 0:00:55]} hxg6 {[%emt 0:00:50]} 46. Rb8+ {[%emt 0:00:09]} Kd7 {[%emt 0:05:41]} 47. h7 {[%emt 0:00:07]} Rxh7 {[%emt 0:00:39]} 48. Rb7+ {[%emt 0:00:04]} Ke6 {[%emt 0:00:17]} 49. Rxh7 {[%emt 0:00:07]} Re3 {[%emt 0:00:04]} 50. Rh6 {[%emt 0:03:48]} Kf6 {[%emt 0:00:51]} 51. Rh4 {[%emt 0:01:02]} Ke5 {[%emt 0:00:05]} 52. Rh6 {[%emt 0:01:17]} 1/2-1/2

[Event "Romanian-ch Open 2022"]
[Site "Eforie Nord"]
[Date "2022.02.26"]
[Round "8.18"]
[White "Voiteanu, Gabriel"]
[Black "Serban, Cristian-Stefan"]
[Result "1/2-1/2"]
[WhiteElo "2207"]
[BlackElo "2090"]
[Annotator "NA"]
[PlyCount "136"]
[EventDate "2022.02.20"]
[EventType "swiss"]
[EventCountry "ROU"]
[SourceTitle "playchess.com"]
[Source "ChessBase"]
[SourceQuality "1"]
[TimeControl "40/5400+30:900+30"]

1. d4 {[%emt 0:04:14]} d5 {[%emt 0:00:14]} 2. c4 {[%emt 0:00:09]} e6 {[%emt 0:00:11]} 3. Nc3 {[%emt 0:00:31]} c6 {[%emt 0:00:05]} 4. Nf3 {[%emt 0:00:21]} dxc4 {[%emt 0:00:04]} 5. g3 {[%emt 0:00:21]} b5 {[%emt 0:04:48]} 6. Bg2 {[%emt 0:01:32]} Bb7 {[%emt 0:00:07]} 7. O-O {[%emt 0:00:55]} Nf6 {[%emt 0:01:21]} 8. Ne5 {[%emt 0:07:22]} Qb6 {[%emt 0:00:47]} 9. b3 {[%emt 0:05:07]} cxb3 {[%emt 0:00:45]} 10. Qxb3 {[%emt 0:07:20]} a6 {[%emt 0:09:57]} 11. Bb2 {[%emt 0:08:57]} Nbd7 {[%emt 0:00:46]} 12. Nxd7 {[%emt 0:06:20]} Nxd7 {[%emt 0:00:07]} 13. Ne4 {[%emt 0:00:42]} Be7 {[%emt 0:01:19]} 14. Nc5 {[%emt 0:03:24]} Nxc5 {[%emt 0:00:19]} 15. dxc5 {[%emt 0:00:10]} Bxc5 {[%emt 0:00:05]} 16. Bxg7 {[%emt 0:02:41]} Rg8 {[%emt 0:00:04]} 17. Bf6 {[%emt 0:02:21]} Rg6 {[%emt 0:11:41]} 18. Qb2 {[%emt 0:08:35]} Bf8 {[%emt 0:03:57]} 19. Rfd1 {[%emt 0:05:35]} c5 {[%emt 0:04:36]} 20. Qd2 {[%emt 0:01:54]} Bd6 {[%emt 0:00:03]} 21. Bxb7 {[%emt 0:07:56]} Qxb7 {[%emt 0:00:06]} 22. Qxd6 {[%emt 0:00:36]} Rxf6 {[%emt 0:00:09]} 23. Qxc5 {[%emt 0:00:22]} Rf5 {[%emt 0:05:10]} 24. Qd4 {[%emt 0:00:53]} Qa7 {[%emt 0:00:16]} 25. Rac1 {[%emt 0:04:33]} Qxd4 {[%emt 0:00:04]} 26. Rxd4 {[%emt 0:00:06]} Rd8 {[%emt 0:00:15]} 27. Rxd8+ {[%emt 0:02:03]} Kxd8 {[%emt 0:00:10]} 28. e4 {[%emt 0:01:52]} Rf3 {[%emt 0:00:11]} 29. a4 {[%emt 0:01:15]} bxa4 {[%emt 0:03:55]} 30. Rc6 {[%emt 0:00:35]} Ke7 {[%emt 0:00:41]} 31. Rxa6 {[%emt 0:00:10]} a3 {[%emt 0:00:02]} 32. Kg2 {[%emt 0:01:48]} Rb3 {[%emt 0:00:04]} 33. g4 {[%emt 0:01:19]} Kf6 {[%emt 0:01:56]} 34. Ra5 {[%emt 0:00:23]} Kg6 {[%emt 0:01:51]} 35. h4 {[%emt 0:01:16]} h6 {[%emt 0:02:16]} 36. f3 {[%emt 0:01:44]} Rb2+ {[%emt 0:00:13]} 37. Kg3 {[%emt 0:00:04]} a2 {[%emt 0:00:03]} 38. Kf4 {[%emt 0:02:31]} e5+ {[%emt 0:00:11]} 39. Kg3 {[%emt 0:00:07]} f6 {[%emt 0:02:02]} 40. Ra7 {[%emt 0:00:00]} h5 {[%emt 0:00:00]} 41. g5 {[%emt 0:03:53]} Rc2 {[%emt 0:01:47]} 42. Ra6 {[%emt 0:02:44]} Rc6 {[%emt 0:00:04]} 43. Rxa2 {[%emt 0:00:09]} fxg5 {[%emt 0:00:04]} 44. Ra5 {[%emt 0:01:14]} gxh4+ {[%emt 0:00:16]} 45. Kxh4 {[%emt 0:00:14]} Rf6 {[%emt 0:00:04]} 46. Kg3 {[%emt 0:01:26]} Re6 {[%emt 0:00:05]} 47. Rb5 {[%emt 0:00:47]} Re8 {[%emt 0:02:24]} 48. Kh4 {[%emt 0:01:43]} Rf8 {[%emt 0:00:18]} 49. Rb6+ {[%emt 0:00:10]} Kg7 {[%emt 0:00:04]} 50. Kg3 {[%emt 0:02:21]} Re8 {[%emt 0:00:04]} 51. Ra6 {[%emt 0:02:47]} Re7 {[%emt 0:02:58]} 52. Rc6 {[%emt 0:01:47]} Re8 {[%emt 0:00:07]} 53. f4 {[%emt 0:01:05]} exf4+ {[%emt 0:00:20]} 54. Kxf4 {[%emt 0:00:05]} h4 {[%emt 0:00:55]} 55. e5 {[%emt 0:00:55]} h3 {[%emt 0:00:08]} 56. Rc7+ {[%emt 0:01:21]} Kg6 {[%emt 0:00:08]} 57. Rc6+ {[%emt 0:00:07]} Kg7 {[%emt 0:00:06]} 58. Kf5 {[%emt 0:02:27]} h2 {[%emt 0:00:11]} 59. Rc7+ {[%emt 0:00:53]} Kg8 {[%emt 0:00:04]} 60. Rc1 {[%emt 0:00:21]} Kf7 {[%emt 0:00:02]} 61. Rc7+ {[%emt 0:01:05]} Kg8 {[%emt 0:00:23]} 62. Rc1 {[%emt 0:00:07]} Kf7 {[%emt 0:00:03]} 63. Rh1 {[%emt 0:00:07]} Rh8 {[%emt 0:00:02]} 64. Kg5 {[%emt 0:00:57]} Ke6 {[%emt 0:00:06]} 65. Kf4 {[%emt 0:11:11]} Rh4+ {[%emt 0:00:05]} 66. Kg3 {[%emt 0:00:00]} Rh8 {[%emt 0:00:07]} 67. Rxh2 {[%emt 0:00:00]} Rxh2 {[%emt 0:00:03]} 68. Kxh2 {[%emt 0:00:00]} Kxe5 {[%emt 0:00:01]} 1/2-1/2

[Event "Romanian-ch Open 2022"]
[Site "Eforie Nord"]
[Date "2022.02.26"]
[Round "8.19"]
[White "Cnejev, Vladimir-Alexandru"]
[Black "Vilcu, Matei-Stefan"]
[Result "1/2-1/2"]
[WhiteElo "2179"]
[BlackElo "2112"]
[Annotator "NA"]
[PlyCount "112"]
[EventDate "2022.02.20"]
[EventType "swiss"]
[EventCountry "ROU"]
[SourceTitle "playchess.com"]
[Source "ChessBase"]
[SourceQuality "1"]
[TimeControl "40/5400+30:900+30"]

1. e4 {[%emt 0:02:23]} c5 {[%emt 0:00:05]} 2. Nf3 {[%emt 0:00:06]} d6 {[%emt 0:00:08]} 3. Bb5+ {[%emt 0:00:06]} Nd7 {[%emt 0:00:11]} 4. O-O {[%emt 1:29:55]} a6 {[%emt 0:00:07]} 5. Bd3 {[%emt 0:00:00]} Ngf6 {[%emt 0:00:04]} 6. Re1 {[%emt 0:00:00]} e6 {[%emt 0:00:07]} 7. c3 {[%emt 0:00:00]} b5 {[%emt 0:00:24]} 8. Bc2 {[%emt 0:00:00]} c4 {[%emt 0:00:14]} 9. d4 {[%emt 0:00:00]} cxd3 {[%emt 0:00:11]} 10. Qxd3 {[%emt 0:00:00]} Bb7 {[%emt 0:01:22]} 11. Nbd2 {[%emt 0:00:00]} Nc5 {[%emt 0:01:39]} 12. Qe2 {[%emt 0:00:00]} Be7 {[%emt 0:00:04]} 13. b4 {[%emt 0:00:00]} Ncd7 {[%emt 0:01:08]} 14. a4 {[%emt 0:00:00]} bxa4 {[%emt 0:02:08]} 15. Rxa4 {[%emt 0:00:00]} O-O {[%emt 0:05:13]} 16. Nb3 {[%emt 0:00:00]} Qc7 {[%emt 0:30:35]} 17. Na5 {[%emt 0:00:00]} Nb6 {[%emt 0:03:12]} 18. Ra3 {[%emt 0:00:00]} Bc8 {[%emt 0:08:34]} 19. Bd3 {[%emt 0:00:00]} e5 {[%emt 0:03:22]} 20. Nd2 {[%emt 0:00:00]} d5 {[%emt 0:13:28]} 21. exd5 {[%emt 0:00:00]} Nbxd5 {[%emt 0:01:54]} 22. Ndc4 {[%emt 0:00:00]} Re8 {[%emt 0:02:08]} 23. Qc2 {[%emt 0:03:23]} Bf8 {[%emt 0:04:02]} 24. f3 {[%emt 0:03:13]} Bd7 {[%emt 0:01:42]} 25. Bd2 {[%emt 0:00:44]} Bb5 {[%emt 0:02:50]} 26. Nb2 {[%emt 0:01:57]} Bxd3 {[%emt 0:00:34]} 27. Qxd3 {[%emt 0:00:09]} Rad8 {[%emt 0:02:03]} 28. Qc4 {[%emt 0:01:07]} Qa7+ {[%emt 0:05:54]} 29. Kf1 {[%emt 0:00:49]} Nb6 {[%emt 0:11:37]} 30. Qe2 {[%emt 0:00:01]} Qc7 {[%emt 0:00:00]} 31. Bg5 {[%emt 0:00:45]} Nbd5 {[%emt 0:00:00]} 32. Qc4 {[%emt 0:00:23]} Qd7 {[%emt 0:00:00]} 33. Raa1 {[%emt 0:01:18]} Qf5 {[%emt 0:00:00]} 34. Bxf6 {[%emt 0:00:12]} Nxf6 {[%emt 0:02:30]} 35. Kg1 {[%emt 0:00:22]} Rd2 {[%emt 0:00:00]} 36. Re2 {[%emt 0:00:14]} Rxe2 37. Qxe2 {[%emt 0:00:01]} e4 {[%emt 0:00:00]} 38. Nac4 {[%emt 0:01:15]} exf3 {[%emt 0:00:00]} 39. Qxf3 {[%emt 0:00:01]} Qc2 {[%emt 0:00:12]} 40. Qd3 {[%emt 0:00:00]} Qxd3 {[%emt 0:00:00]} 41. Nxd3 {[%emt 0:00:42]} Nd5 {[%emt 0:02:53]} 42. Rxa6 {[%emt 0:00:55]} Nxc3 {[%emt 0:00:06]} 43. Ra3 {[%emt 0:07:41]} Nd5 {[%emt 0:01:52]} 44. Rb3 {[%emt 0:00:47]} Nxb4 {[%emt 0:02:58]} 45. Nxb4 {[%emt 0:00:08]} Rb8 {[%emt 0:01:35]} 46. Ne5 {[%emt 0:00:10]} Rxb4 {[%emt 0:00:00]} 47. Rxb4 {[%emt 0:00:01]} Bxb4 {[%emt 0:01:19]} 48. Kf2 {[%emt 0:00:23]} f6 {[%emt 0:00:13]} 49. Nf3 {[%emt 0:00:02]} Kf7 {[%emt 0:00:10]} 50. Ke3 {[%emt 0:00:45]} Bc5+ {[%emt 0:00:59]} 51. Ke4 {[%emt 0:00:15]} Ke6 {[%emt 0:00:09]} 52. g4 {[%emt 0:00:05]} g6 {[%emt 0:00:32]} 53. Nd2 {[%emt 0:00:34]} f5+ {[%emt 0:00:19]} 54. gxf5+ {[%emt 0:00:01]} gxf5+ {[%emt 0:00:01]} 55. Kf3 {[%emt 0:00:11]} Kf6 {[%emt 0:00:45]} 56. Ne4+ {[%emt 0:00:19]} Ke5 {[%emt 0:11:57]} 1/2-1/2